00747nam a22001937a 4500999001900000005001700019010001500036020002600051035001400077037001300091082001600104100001800120245009300138260004400231270008000275300002500355942003000380952014300410 c138907d13890720230201153817.0 aENG-136099 a9789351950332c399.00 aEN-119631 bDBAD/PUB a335.4095421 aPrasad, Rohit aBlood red river :ba journey into the heart o India development confit/cby Rohit Prasad aGurgaonbHachette Book Publishingc2016 a4th & 5th Floors, Corporate Center, Plot No. 94, Sector 44bGurgaone122003 axiv,390p.c21cm(pbk) 2ddccENmPRAh335.4095421 001040708NFICaKGMbKGMd2023-02-01eDBAD/PUBg399.00l1m2o335.4095421 PRApEN-119631r2023-04-08 00:00:00s2023-03-18t1v399.00yEN